Statistiques concernant Culture Générale - Série 77

Cliquez ici pour prendre le quiz!

Statistiques générales

  • Ce quiz a été pris 578 fois
  • Le résultat moyen est 6 sur 10

Statistiques - réponses

QuestionRéponse% Correct
De quelle couleur sont les Simpson dans le célèbre dessin animé ?Jaune
99%
Quelle est la capitale de l'Argentine ?Buenos Aires
92%
Quel est la race de Bill, le chien de Boule ?Cocker
75%
Avec la laine de quel animal fait-on des vêtements en cachemire ?Chèvre
64%
Dans quel sport s'est illustrée l'Argentine Gabriela Sabatini ?Tennis
54%
Au hockey sur glace, où doit aller un joueur ayant reçu une pénalité ?Prison
49%
Qui était la "Rockeuse de diamants" en 1983 ?Catherine Lara
38%
Qui animait l'émission télévisée : "Avis de recherche" ?Patrick Sabatier
33%
Qui était le père de Michèle Bernier ?Professeur Choron
31%
Quelle pièce de Molière est également appelée "le Festin de pierre" ?Dom Juan
16%

Distribution des résultats

Percentile par nombre de réponses

% des personnes avec chaque résultat

Votre développement - résultats

Vous n’avez pas pris ce quiz